000 00529nam a2200145 a 4500
008 120416s0000 ||||||||||||||||| || u
020 _a0750620218
050 _aHF 5429 Mac
100 _aMcDonald, Malcolm H. B
245 1 0 _aRetail marketing plans
246 _ahow to prepare them, how to use them
260 _aOxford
_bButterworth-Heinemann
_c1996
350 _a0.00
995 _D0.00
_FCBU-MAIN LIBRARY (Kitwe)
_H1
_I0.00
_M1
_UAVAILABLE
_ZMain Library Open Access Collection
999 _c56416
_d56416